| 000 | 00747cab a2200193 4500 | ||
|---|---|---|---|
| 001 | ##L133776 | ||
| 008 | 060609n2006 000 0 eng u | ||
| 035 | _a(Sirsi) u133776 | ||
| 041 | 0 | _aeng | |
| 100 | 1 | _aSweet, Rod | |
| 245 | 0 | 0 | _aModel army |
| 260 | _c2006 | ||
| 490 | 0 |
_aConstruction Manager _vJune 2006, 14-17(4) |
|
| 520 | _aReports on a visit to Corus Living Solutions, the most advanced modular construction line in Europe. Concentrates on the production methods used, the type of staff employed, and the emphasis placed on health and safety information and reporting. | ||
| 590 | _aIKA200606 | ||
| 651 | 4 |
_aUnited Kingdom _y |
|
| 690 | _aBUILT ENVIRONMENT-CONSTRUCTION MANAGEMENT-CONSTRUCTION DESIGN AND MANAGEMENT | ||
| 942 | _n0 | ||
| 999 |
_c77201 _d77201 |
||